01289nam a22001577a 4500008004100000020001500041050001600056245013100072260005000203300002900253505076700282650001901049700002001068700002201088700002101110111215t xxu||||| |||| 00| 0 eng d a1557752192 aHC59.7.M239 aMacroeconomic models for adjustment in developing countries /cedited by Moshin S. Khan, Peter J. Montiel and Nadeem U. Hague. aU.S.A.:bInternational Monetary Fund,cc1991. avii, 323 p.bill.c23cm. aContents: Introduction -- A Model of adjustment and growth: An Empirical analysis -- Stabilization programs in developing countries: A Formal framework -- Prices, output, and the trade balance in Iran -- Oil wealth and economic behaviour: The Case of Venezuela -- Financial, exchange rate, and wage policies in Singapore -- Domestic credit and exchange rates in developing countries: Some policy experiments with Korean data -- Stabilization policies in developing countries with a parallel market foreign exchange -- A Macroeconomic model for developing countries -- Dynamic responses to policy and exogenous shocks in an empirical developing country model with rational expectations -- A Forward-looking macroeconomic simulation model for a developing country. aMacroeconomic. aKhan, Moshin S. aMontiel, Peter J. aHaque, Nadeem U.